=LDR 00000nam 2200000 4500 =001 INLIS000000000019729 =005 20200901085715 =035 ##$$a 0010-061300000019729 =008 200901################g##########0#ind## =041 ##$$a Ind =082 ##$$a 2x6.2 =090 ##$$a 2X6.2, Nan p =100 ##$$a Naufal, Ahmad =245 1#$$a Perang isu dalam Islam /$c Dr. Ahmad Naufal ; Penerjemah Yudian wahyudi Asmin =260 ##$$a Jakarta :$b Pustaka mantiq,$c 1990 =300 ##$$a 125 hlm. ; $c 13 x 18 cm. =650 #4$$a Islam - Politik =700 #$$a Asmin, Yudian Wahyudi =850 ##$$a NBPNMAT =084 ##$$a 2x6.2 NAU p =990 ##$$a 52.578 pro.93 =990 ##$$a 52.579 pro.93